Sports Quiz

Random Sports or Clickable Quiz

Country by Soccer Club (A-Z) Quiz Stats

 Plays Quiz Updated Oct 4, 2018

Challenge
Share
Tweet
Score 0/26 Timer 03:00
17 Plays Today
% Correct
New York Red Bulls
96.8%
Queens Park Rangers
93.5%
Olympiacos
92.2%
Zenit St. Petersburg
92%
Benfica
90.9%
Werder Bremen
90%
Toulouse
88.8%
PSV Eindhoven
88.5%
Dynamo Kyiv
86.6%
Udinese
84.7%
Fenerbahçe
83.5%
Malmö FF
77.2%
Inverness Caledonian Thistle
71.2%
% Correct
Steaua București
69.8%
Lech Poznań
68.3%
Young Boys
67.6%
Red Star Belgrade
67.3%
Kaizer Chiefs
65.3%
Grêmio
62.2%
Estudiantes de La Plata
61.7%
Viking Stavanger
58.4%
Cruz Azul
53.7%
Al Ahly
52%
Hajduk Split
51.4%
Xerez
45.9%
Júbilo Iwata
45.1%

You're not logged in!

Compare scores with friends on all Sporcle quizzes.
OR
Log In

You Might Also Like...

Show Comments

Extras

Top Quizzes Today


Score Distribution

Your Account Isn't Verified!

In order to create a playlist on Sporcle, you need to verify the email address you used during registration. Go to your Sporcle Settings to finish the process.

Report this User

Report this user for behavior that violates our Community Guidelines.

Details: